000 00368nam a22001217a 4500
008 230620b xxu||||| |||| 00| 0 eng d
082 _a324.21
_bBAR
100 _cTiberius Barasa
245 _aReforming the Political Market in Kenya Through Public Party Funding
260 _aNairobi
_bInstitute of Policy Analysis and Research
_c2006
300 _a40P
942 _2ddc
_cBK
999 _c1762
_d1762